| 000 | 00753nab a22002417a 4500 | ||
|---|---|---|---|
| 001 | 23555 | ||
| 003 | HDC | ||
| 007 | cr bn ---aaaaa | ||
| 008 | 210128c20100202my ||||| |||| 00| 0 eng d | ||
| 040 | _aHDC | ||
| 100 |
_aAnnie Look, _eauthor _920061 |
||
| 245 | 0 |
_aSMEs can benefit from independent audit / _cAnnie Look |
|
| 336 |
_atext _2rdacontent |
||
| 337 |
_acomputer _2rdamedia |
||
| 338 |
_aonline resource _2rdacarrier |
||
| 650 |
_aAudit _99857 |
||
| 650 |
_aSmall business _9208 |
||
| 710 | _aThe Star | ||
| 856 | _zRequest full-text at [email protected] | ||
| 942 | _2lcc | ||
| 942 | _cNEWS | ||
| 942 | _kNWSC 008053 | ||
| 999 |
_c20871 _d20871 |
||